| 000 | 00473nam a2200157 a 4500 | ||
|---|---|---|---|
| 001 | 4165 | ||
| 003 | CDMR | ||
| 005 | 20130301112515.0 | ||
| 008 | 130130s2002||||||||||||||||||||||||||||d | ||
| 020 | _a8488675739 | ||
| 040 |
_aCDMR _bcat _cCDMR |
||
| 111 | 2 |
_93023 _aConcurso Fotográfico "Caminos de Hierro" _d2002 _n16è |
|
| 245 | 0 |
_aCaminos de Hierro _b16º concurso fotográfico _cCAMINOS |
|
| 260 |
_aMadrid _c2002 _bFundación de los Ferrocarriles Españoles |
||
| 942 |
_cMON _2udc |
||
| 999 |
_c4165 _d4165 |
||